000
00327nam a2200109Ia 4500
008
200302s9999 xx 000 0 und d
100
_a
Gail Greet Hannah
245
_a
Elemetns of Design Rowena reed Kostellow and the Structure of Visual Relation.,
260
_b
Princeton Architectural Press
260
_c
2002
300
_a
152 P.,
999
_c
2938
_d
2938